Welche Stadt mit R? - Statistiken

Allgemein
  • Dieses Quiz wurde 84 mal gespielt
  • Das Durchschnittsergebnis liegt bei 11 aus 20
Antwortstatistiken
Hinweis Stadt % Korrekt
Hier befindet der Petersdom Rom
96%
Größter Hafen Europas Rotterdam
96%
Hansestadt an der Ostsee Rostock
93%
Die Copacabana ist hier Rio de Janeiro
87%
Hauptstadt auf der Arabischen Halbinsel Riad
84%
Hier residiert der marrokanische König Rabat
79%
Gleichnamiger berühnte Spielehersteller aus dieser Stadt Ravensburg
73%
Einzige Westeuropäische Hauptstadt ohne McDonalds Reykjavik
66%
Russische Großtstadt in der Nähe des Kaukasus Rostow am Don
61%
In dieser Stadt Osteuropas soll der erste aufgestellte Weihnachtsbaum1510 gestanden haben Riga
57%
Die steinerne Brücke, welche im Jahre 1135 erbaut wurdesteht hier und ein gotischer Dom Regensburg
46%
Geburtsstadt Konrad Röntgens, welche in NRW liegt Remscheid
46%
Großstadt in North Carolina Raleigh
44%
Ehemalige Hauptstadt Myanmars Rangun
34%
Viele deutsche fahren in dieses Einkaufszentrum der Niederlande Roermond
30%
Sein Name leitet sich vom ital. Fluss Marecchia (lat. Ariminus) Rimini
29%
Hauptstadt einses US-Staats am James Rover Richmond
27%
Größter Landkreis Deutschlands, wenn man Spezialfällenicht mitzählt Recklinghausen
20%
Hauptstadt von Saskatchewan Regina
20%
Geburtsstadt des Architekten Antoni Gaudis Reus
9%
Keine übereinstimmenden Quizze gefunden
Verteilung der Resultate
Anzahl Personen mit jedem Resultat
Perzentil nach korrekt beantworteten Fragen
Ihre Resultats-Entwicklung
Sie haben dieses Quiz noch nicht gespielt